Most Expensive Transfers of Season 2025/26 by Nationality - Statistics

General Stats
  • This quiz has been taken 117 times
    55 since last reset
  • The average score is 25 of 43
Answer Stats
Nationality Fee From To Answer % Correct
Sweden €145.00m Newcastle United Liverpool Alexander Isak
100%
Germany €125.00m Bayer Leverkusen Liverpool Florian Wirtz
98%
France €95.00m Eintracht Frankfurt Liverpool Hugo Ekitiké
94%
Colombia €70.00m Liverpool Bayern Munich Luis Díaz
94%
Cameroon €75.00m Brentford Manchester United Bryan Mbeumo
92%
Nigeria €75.00m Napoli Galatasaray Victor Osimhen
92%
Brazil €74.20m Wolverhampton Wanderers Manchester United Matheus Cunha
90%
Slovenia €76.50m RB Leipzig Manchester United Benjamin Sesko
86%
Uruguay €53.00m Liverpool Al-Hilal Darwin Núñez
86%
Spain €70.00m Real Sociedad Arsenal Martín Zubimendi
82%
Netherlands €55.00m AC Milan Manchester City Tijjani Reijnders
82%
Hungary €46.90m Bournemouth Liverpool Milos Kerkez
80%
Ghana €63.80m West Ham United Tottenham Hotspur Mohammed Kudus
80%
England €56.00m Chelsea Arsenal Noni Madueke
80%
England €56.00m Borussia Dortmund Chelsea Jamie Gittens
76%
Ukraine €63.00m Bournemouth Paris Saint-Germain Ilya Zabarnyi
73%
Italy €68.25m Atalanta Al-Qadsiah Mateo Retegui
73%
Algeria €36.80m Wolverhampton Wanderers Manchester City Rayan Aït-Nouri
71%
Argentina €45.00m River Plate Real Madrid Franco Mastantuono
69%
South Korea €22.00m Tottenham Hotspur Los Angeles FC Son Heung-min
69%
Slovakia €26.00m Feyenoord Atletico Madrid Dávid Hancko
55%
United States €35.00m PSV Eindhoven Bayer Leverkusen Malik Tillman
55%
Portugal €32.00m FC Porto Juventus Francisco Conceição
53%
Serbia €30.00m Chelsea Bournemouth Djordje Petrovic
51%
Austria €25.00m Lens Tottenham Hotspur Kevin Danso
51%
Albania €23.00m Chelsea Burnley Armando Broja
49%
Norway €27.00m Celta Vigo Wolverhampton Wanderers Jorgen Strand Larsen
49%
Switzerland €42.00m Bologna Nottingham Forest Dan Ndoye
47%
Ecuador €17.00m Brighton and Hove Albion AC Milan Pervis Estupiñán
45%
Burkina Faso €42.80m Bournemouth Brentford Dango Ouattara
43%
Scotland €23.20m Liverpool Bournemouth Ben Doak
39%
Senegal €31.50m Strasbourg Sunderland Habib Diarra
37%
Cote d'Ivoire €30.00m Nice Aston Villa Evann Guessand
35%
Denmark €20.80m Leicester City West Ham United Mads Hermansen
35%
Japan €21.00m SC Freiburg Eintracht Frankfurt Ritsu Doan
35%
Poland €17.00m Inter Milan Atalanta Nicola Zalewski
33%
Greece €35.00m Olympiacos Brighton and Hove Albion Charalampos Kostoulas
27%
Belgium €20.00m Atlético Madrid RB Leipzig Arthur Vermeeren
24%
DR Congo €17.00m Union Saint-Gilloise Sunderland Noah Sadiki
20%
Croatia €22.80m Union Saint-Gilloise Benfica Franjo Ivanović
18%
Morocco €23.50m Lens AS Roma Neil El Aynaoui
18%
Belgium €20.00m Genoa AC Milan Koni De Winter
16%
Mali €18.00m RB Salzburg Fenerbahce Dorgeles Nene
8%
No matching quizzes found
Score Distribution
Percent of People with Each Score
Percentile by Number Answered
Your Score History
You have not taken this quiz since the last reset